| 000 | 00844nam a22002655i 4500 | ||
|---|---|---|---|
| 001 | 15189 | ||
| 003 | ES-MaACL | ||
| 005 | 20250819063027.0 | ||
| 007 | t| | ||
| 008 | 920402s1991 sp ||||0| spa j | ||
| 017 | _aM 37291-1991 | ||
| 020 | _a84-249-1465-1 | ||
| 040 |
_aM-BN _bspa _cM-BN |
||
| 080 | _a82.01 | ||
| 080 | _a82.09 | ||
| 100 | 1 |
_aAlborg, Juan Luis, _d1914-2010 _919409 |
|
| 245 | 1 | 0 |
_aSobre crítica y críticos _b: historia de la literatura española : paréntesis teórico que apenas tiene que ver con la presente historia / _cJuan Luis Alborg. |
| 260 |
_aMadrid : _bGredos, _cD.L. 1991. |
||
| 300 |
_a1005 p. ; _c26 cm. |
||
| 500 | _aIndice. | ||
| 650 | 7 |
_aEstética literaria _2embne _912544 |
|
| 650 |
_aCrítica literaria. _911448 |
||
| 852 |
_aES-MaACL _jL-22383 _bR.127918 |
||
| 999 |
_c15189 _d15189 |
||